Exploiting software: how to break code

Uloženo v:
Podrobná bibliografie
Hlavní autor: Hoglund, Greg (Autor)
Další autoři: McGraw, Gary (autor)
Médium: Kniha
Jazyk:angličtina
Vydáno: Boston Addison - Wesley 2004
Vydání:1a. ed
Edice:Addison-Wesley Software Security Series
Témata:
Tagy: Přidat tag
Žádné tagy, Buďte první, kdo vytvoří štítek k tomuto záznamu!

MARC

LEADER 00000cam a2200000 a 4500
001 UCE6601
003 CL-VaPUC
008 150423e20040000us |||||||||||||||||eng|d
020 |a 0201786958 
082 0 4 |a 005.8  |b HOG  |2 21 
100 0 |a Hoglund, Greg  |e author  |9 579245 
700 |a McGraw, Gary  |e autor  |9 579834 
245 1 0 |a Exploiting software: how to break code 
250 |a 1a. ed 
300 |a 471 p 
942 |c BK 
945 |d 20150423 11:40:00  |a arojas 
260 |a Boston  |b Addison - Wesley  |c 2004 
650 0 |a Seguridad informática   |9 469130 
650 0 |a Tecnología de la seguridad   |9 364100 
650 0 |a Hackers  |9 571374 
583 |a last modification  |c 20150423 11:40:00  |k Rodrigo Vera 
490 0 |a Addison-Wesley Software Security Series 
999 |c 358888  |d 358886 
952 |0 0  |1 0  |3 erd  |4 0  |6 005_800000000000000_HOG_2004  |7 0  |8 A  |9 467832  |a BIBING  |b BIBING  |i 5146208  |l 2  |o 005.8 HOG 2004  |p 5146208  |r 2025-01-20  |s 2023-05-22  |w 2019-11-23  |y BK  |z Catalogado en:20150423  |k CCI